Agriculture, hydrology and water quality

Gespeichert in:
Bibliographische Detailangaben
1. Verfasser: Haygarth, P. M (VerfasserIn)
Format: Buch
Sprache:Englisch
Veröffentlicht: Londres CABI 2002
Ausgabe:1a. ed
Schlagworte:
Tags: Tag hinzufügen
Keine Tags, Fügen Sie den ersten Tag hinzu!

MARC

LEADER 00000nam a2200000 a 4500
001 UCK0744
003 CL-VaPUC
008 041022e20020000UK |||||||||||||||||eng|d
020 |a 0851995454 
082 0 4 |a 628.1684  |b HAY  |2 21 
100 0 |a Haygarth, P. M  |e author  |9 488613 
245 1 0 |a Agriculture, hydrology and water quality 
250 |a 1a. ed 
300 |a 502 p 
942 |c BK 
945 |d 20041022 00:00:00  |a vberengu 
260 |a Londres  |b CABI  |c 2002 
650 0 |a Agricultura  |9 255598 
650 0 |a Hidrología  |9 261396 
650 0 |a Calidad del agua   |9 261394 
650 7 |a CONTAMINACION  |2 CL-VaPUC  |9 258139 
650 7 |a POLUCION  |2 CL-VaPUC  |9 373003 
583 |a last modification  |c 20041022 00:00:00  |k Rodrigo Vera 
999 |c 311016  |d 311014 
952 |0 0  |1 0  |4 0  |6 628_168400000000000_HAY_2002  |7 0  |8 A  |9 380193  |a BIBAGR  |b BIBAGR  |d 2019-11-21  |i 4072898  |o 628.1684 HAY 2002  |p 4072898  |r 2025-01-20  |w 2019-11-21  |y BK  |k AGR